00968cam a22002777a 450000500170000000800410001701000100005801100100006803500100007808200190008811100840010724500630019126000630025430000100031759000410032759000420036865000240041065000230043465000330045765000340049065000270052471000440055190100070059594900710060299900170067320220329141256.0971010s1985 r 10010 d a65596 a66568 a74944 a633.2bS9 198500aSymposium British Grassland Society (n18d: 1985c: Nottingham, U. K.)9110938 0aWeeds, pests and diseases of grassland and herbage legumes aCroydon, England :bBritish Crop Protection Council,c1985 a318 p aBATCH-UPDb10c20130110lUCH01h0801 aCONVERSIONb10c20130109lUCH01h133614aLeguminosas.96580714aPastizales.98591614aPastosxEnfermedades.98602414aPastosxMalas hierbas.98605614aPastosxPlagas.9860690 aBritish Crop Protection Council.915411 aBK a633.2 S9 1985bZcLIBROd-7855eLIBROfI. 153551 A. 1050i74944si c65596d65596